Місто тіней (Запис № 579565)
[ простий вигляд ]
| 000 -Лідер | |
|---|---|
| fixed length control field | 01858 a2200229 4500 |
| 003 - Ідентифікатор контрольного номера | |
| control field | UA-OsUOA |
| 005 - Дата та час останнього входження (трансакції) | |
| control field | 20251205142355.0 |
| 008 - Елементи даних фіксованої довжини – загальна інформація | |
| fixed length control field | 251205b un ||||| |||| 00| 0 ukr d |
| 020 ## - Міжнародний стандартний книжковий номер (ISBN) | |
| Міжнародний стандартний книжковий номер (ISBN) (НП) | 9786178023942 |
| 040 ## - Джерело каталогізації | |
| Мова каталогізації | ukr |
| Агенція, яка здійснювала перезапис | UA-OsUOA |
| 080 ## - Індекс Універсальної десяткової класифікації | |
| Індекс Універсальної десяткової класифікації (УДК) (НП) | 821.161.2 |
| 090 ## - Локальний шифр розміщення | |
| Класифікаційний індекс УДК | 821.161.2 |
| Авторський знак (НП) | М30 |
| 100 ## - Основне введення – ім’я особи | |
| Ім’я особи (НП) | Марченко М. |
| 9 (RLIN) | 22945 |
| 245 ## - Відомості про назву | |
| Назва (НП) | Місто тіней |
| Дані про відповідальність (НП) | Мія Марченко ; ілюстр. Оксани Домахіної |
| 260 ## - Публікація, розповсюдження і т.п. (Вихідні дані) | |
| Місце публікації, розповсюдження і т.п. (П) | Харків |
| Ім’я/ наймення видавництва, розповсюджувача і т.п. (П) | Жорж |
| Дата публікації, розповсюдження і т.п. (П) | 2025 |
| 300 ## - Фізичний опис | |
| Обсяг | 320 с. |
| Інші фізичні характеристики (НП) | іл. |
| 520 ## - Резюме і т.п. | |
| Резюме, реферат, анотація, тощо (НП) | Колись у цьому місті жили золотоокі майстри-чарівники, а тоді його захопили жорстокі загарбники, які заборонили всі магічні ремесла. Тож тепер його мешканці — лише тіні, що скніють у темряві й холоді.<br/><br/>Але чи існує шанс повернути магію в місто? До чого тут найбільший скарб дванадцятирічної Марти, яка тільки-но переїхала до Міста-біля-Моря? І чи погодиться підлітка, що переживає непростий період, розлучитися з єдиною своєю втіхою?<br/><br/>Пригодницька повість, далеко не тільки дитяча, про чари і магію, про підлітків та їхніх батьків, які не лише вірять у різдвяні дива, а й готові самі їх творити. |
| 650 ## - Додаткове предметне введення – тематичний термін | |
| Тематичний термін чи географічна назва, як елемент введення (НП) | 821.161.2 Українська література |
| 9 (RLIN) | 41 |
| 942 ## - Додаткові елементи входу (Коха) | |
| Тип елемента Koha | Книги |
| Source of classification or shelving scheme | Universal Decimal Classification |
| 955 ## - Код типу видання за змістом | |
| Код типу видання за змістом (НП) | Літературно-художні видання |
| Стан вилучень | Стан втрат | Джерело класифікації або схеми стелажів | Стан уражень | Не для кредиту | Постійне місце розташування | Поточне розміщення | Дата придбання | Джерело придбання | Вартість, звичайна ціна покупки | Усього замовленно | Повний номер виклику | Штрих-код | Дата останнього перегляду | Вартість, ціна заміни | Ціна ефективна від | Тип елемента Koha |
|---|---|---|---|---|---|---|---|---|---|---|---|---|---|---|---|---|
| Universal Decimal Classification | АБ - Абонемент НБ | АБ - Абонемент НБ | 05/12/2025 | №65/05.12.2025 | 300.00 | 821.161.2 М30 | 169177 | 05/12/2025 | 300.00 | 05/12/2025 | Книги |